Documentos del Primer Congreso de Antropología y de la Defensa del Patrimonio Cultural de América Central
El documento ofrece una perspectiva única sobre la antropología y la preservación del patrimonio cultural en la región de América Central. Este congreso marcó un hito en la comprensión y valoración de las culturas indígenas y la importancia de proteger su legado. Los documentos recopilados abordan c...
Kaydedildi:
| Materyal Türü: | Metin |
|---|---|
| Dil: | Spanish |
| Baskı/Yayın Bilgisi: |
San José:
UCR. IIS. Centro de Estudios Centroamericanos
|
| Konular: | |
| Etiketler: |
Etiketle
Etiket eklenmemiş, İlk siz ekleyin!
|
MARC
| LEADER | 00000 a a2200000 04500 | ||
|---|---|---|---|
| 001 | 16790 | ||
| 003 | cru CIDCAS/IIS | ||
| 005 | 20230919151750.0 | ||
| 008 | 230912b |||||||| |||| 00| 0 spa d | ||
| 040 | |c cru CIDCAS/IIS | ||
| 090 | |a 004400 | ||
| 245 | |a Documentos del Primer Congreso de Antropología y de la Defensa del Patrimonio Cultural de América Central | ||
| 260 | |a San José: |b UCR. IIS. Centro de Estudios Centroamericanos | ||
| 300 | |a 75 p. | ||
| 520 | |a El documento ofrece una perspectiva única sobre la antropología y la preservación del patrimonio cultural en la región de América Central. Este congreso marcó un hito en la comprensión y valoración de las culturas indígenas y la importancia de proteger su legado. Los documentos recopilados abordan cuestiones críticas, como la diversidad cultural, los desafíos contemporáneos que enfrentan las comunidades indígenas y las políticas de conservación del patrimonio. Ofrecen una visión enriquecedora de cómo los antropólogos y defensores del patrimonio trabajan juntos para preservar la riqueza cultural de América Central. RAR 09/2023 | ||
| 650 | |a PATRIMONIO CULTURAL | ||
| 650 | 0 | |a DIVERSIDAD CULTURAL |2 OCDE |9 11642 | |
| 650 | 0 | |a PUEBLOS INDIGENAS |2 OCDE |9 10778 | |
| 650 | 0 | |a PROTECCION DEL PATRIMONIO CULTURAL |2 UNESCO |9 4097 | |
| 650 | 4 | |a ANTROPOLOGIA |2 OCDE |9 4350 | |
| 651 | 0 | |2 OCDE |9 128 |a AMERICA CENTRAL | |
| 942 | |2 z |c LI | ||
| 999 | |c 11001 |d 11001 | ||
